Former Soviet Union and U.S. Foreign Assistance.

Provides a snapshot of U.S. aid to republics of the former Soviet Union since 1992, chiefly through AID and USDA food assistance programs. Reviews 2001-2002 aid program developments and explores issues for Congress. Details funding levels, conditionality, and other aspects of aid to Russia. Summariz...

Full description

Bibliographic Details
Corporate Authors: Library of Congress. Congressional Research Service, ProQuest (Firm)
Format: eBook
Language:English
Published: [Place of publication not identified] : [publisher not identified], 2002.
Series:U.S. Congressional Research.
Subjects:
Online Access:Connect to the full text of this electronic book

MARC

Tag First Indicator Second Indicator Subfields
LEADER 00000cam a22000001a 4500
001 in00003355331
006 m d f
007 cr bn mmmapmmp
008 100727s2002 dcu o f000 0 eng d
005 20260429193616.5
035 |a cis2007899115 
040 |a ProQuest  |c ProQuest  |d UtOrBLW 
043 |a n-us--- 
099 |a CRS-2002-FDT-0666 
110 2 |a Library of Congress.  |b Congressional Research Service. 
245 1 0 |a Former Soviet Union and U.S. Foreign Assistance. 
264 1 |a [Place of publication not identified] :  |b [publisher not identified],  |c 2002. 
300 |a 1 online resource. 
336 |a text  |b txt  |2 rdacontent 
337 |a computer  |b c  |2 rdamedia 
338 |a online resource  |b cr  |2 rdacarrier 
500 |a Record is based on bibliographic data in ProQuest U.S. Congressional Research Digital Collection (last viewed July 2010). Reuse except for individual research requires license from ProQuest, LLC. 
500 |a CRS Report. 
520 |a Provides a snapshot of U.S. aid to republics of the former Soviet Union since 1992, chiefly through AID and USDA food assistance programs. Reviews 2001-2002 aid program developments and explores issues for Congress. Details funding levels, conditionality, and other aspects of aid to Russia. Summarizes aid to Ukraine and the other former Soviet republics. 
500 |a Electronic resource. 
650 0 |a Food relief. 
650 0 |a Economic assistance. 
651 0 |a Russia. 
655 7 |a Electronic books.  |2 local 
710 2 |a ProQuest (Firm) 
776 0 8 |i Microfiche version:   |a Library of Congress. Congressional Research Service.  |t Former Soviet Union and U.S. Foreign Assistance 
830 0 |a U.S. Congressional Research. 
856 4 0 |u http://proxy.library.tamu.edu/login?url=https://congressional.proquest.com/congcomp/getdoc?CRDC-ID=CRS-2002-FDT-0666  |z Connect to the full text of this electronic book  |t 0 
999 |a MARS 
999 f f |s 906dbf84-150a-3458-9a0f-aa08667d3edd  |i 3d3a7640-b07d-3d7a-bba2-a613c9a53602  |t 0 
952 f f |a Texas A&M University  |b College Station  |c Electronic Resources  |s www_evans  |d Available Online  |t 0  |e CRS-2002-FDT-0666  |h Other scheme 
998 f f |a CRS-2002-FDT-0666  |t 0  |l Available Online